Effektivität und Arbeitsproduktivität in der ökonomischen Strategie der SED

Gespeichert in:
Bibliographische Detailangaben
Format: Buch
Sprache:Deutsch
Veröffentlicht: Berlin Dietz 1985
Ausgabe:1. Aufl.
Tags: Tag hinzufügen
Keine Tags, Fügen Sie das erste Tag hinzu!

MARC

LEADER 00000nam a2200000 4500
001 c024136
005 20221220081730.1
041 0 |a ger 
044 |a DE 
245 1 0 |a Effektivität und Arbeitsproduktivität in der ökonomischen Strategie der SED 
250 |a 1. Aufl. 
264 1 |a Berlin  |b Dietz  |c 1985 
300 |a 193 s.